| 000 | 00409nam a22001577a 4500 | ||
|---|---|---|---|
| 020 | _a9789350141649 | ||
| 082 | _a005.1 PAN | ||
| 100 | _aPandhy Sunil K | ||
| 245 | _aFundamental of Computer programming and IT | ||
| 260 |
_aNew Delhi India _bS.K.Kataria & Sons _c2008 |
||
| 300 |
_a297 _bP.B |
||
| 500 | _aInclude Index | ||
| 650 | _aComputer Programming | ||
| 700 | _aSunil K.Pandey | ||
| 942 | _cBK | ||
| 999 |
_c490555 _d490555 |
||